Most Popular Songs-1971 - Statistics

General Stats
  • This quiz has been taken 21 times
  • The average score is 5 of 12
Answer Stats
Month Artist Answer % Correct
October Rod Stewart Maggie May
80%
December John Lennon Imagine
75%
January George Harrison My Sweet Lord
65%
June The Rolling Stones Brown Sugar
50%
February Tony Orlando & Dawn Knock Three Times
50%
May Three Dog Night Joy To The World
45%
April Janis Joplin Me And Bobby McGee
40%
November Cher Gypsys, Tramps & Thieves
35%
July Middle Of The Road Chirpy Chirpy Cheep Cheep
25%
March Credence Clearwater Revival Have You Ever Seen The Rain?
25%
August Bee Gees How Can You Mend A Broken Heart
10%
September Paul McCartney & Linda McCartney Uncle Albert/Admiral Halsey
5%
No matching quizzes found
Score Distribution
Percent of People with Each Score
Percentile by Number Answered
Your Score History
You have not taken this quiz